000 00667nam a2200205 i 4500
001 128917
003 ES-MaACL
005 20230906193407.0
007 t|
008 070530s1980 sp ||||1| spa d
080 _a75 Tellaeche, Julián de:061.43(466.11 BI.)"1980"
100 1 _aTellaeche, Julián de.
_9109618
245 1 0 _aJ. de Tellaeche en el Banco de Bilbao /
_cJulián de Tellaeche.
260 _a[Bilbao :
_bBanco de Bilbao,
_c1980]
300 _a52 p. con 14 lám. :
_bil. ;
_c26 cm.
600 1 4 _aTellaeche, Julián de.
_9109618
710 2 _aBanco de Bilbao.
_92097
852 _aES-MaACL
_jL-872
_bR.101778
852 _aES-MaACL
_jL-1339
_bR.101714
999 _c128917
_d128917